Le Sénégal pour les touristes... - Statistiques

Statistiques générales
  • Ce quiz a été pris 269 fois
  • Le résultat moyen est 11 sur 20
Statistiques - réponses
Question Indice Réponses % Correct
Quelles sont les langues officielles ? Français
97%
Quelles sont les langues officielles ? Wolof
97%
Quelles sont les principaux lieux touristiques ? D Ville de {Dakar}
83%
La religion majoritaire est Islam
78%
Quelles sont les principaux lieux touristiques ? R Lac {rose}
77%
Dans la capitale quel est le décalage horaire avec Paris ? (+ ou - et chiffre) ex - 10 - 2
74%
Quelle est la monnaie ? Franc CFA
74%
Ce pays est plus grand que la France (oui/non) Non
74%
Quel pays a accordé son indépendance à celui-ci ? France
72%
Quelles sont les principaux lieux touristiques ? S Ville de {Saint-Louis}
65%
Code sur les plaques minéralogiques SN
47%
Le suffixe internet est sn
47%
Achats à faire 3/ Tissus locaux appelés Wax
47%
Quel est le régime du pays ? République
43%
Achats à faire 2/ Tableaux de sable
27%
Le principal aéroport est T Thiès
23%
Achats à faire 1/ Peinture sous verre
12%
Achats à faire 5/ Parfum Encens
7%
Achats à faire 4/ Confiture de Baobab
6%
Quels est le climat local ? T D {Tropical} & {Désertique}
5%
Aucun quiz correspondant
Distribution des résultats
% des personnes avec chaque résultat
Percentile par nombre de réponses
Votre historique - résultats
Vous n’avez pas pris ce quiz